Phyllis Hyman Discography - Statistics

General Stats
  • This quiz has been taken 4 times
  • The average score is 11 of 22
Answer Stats
Type Year Name % Correct
Album 1977 Phyllis Hyman
100%
Album 1979 Somewhere in My Lifetime
100%
Album 1986 Living All Alone
75%
Album 1991 Prime of My Life
75%
Album 1981 Can't We Fall in Love Again?
50%
Album 1998 Forever with You
50%
Album 1983 Goddess of Love
50%
Album 1995 I Refuse to Be Lonely
50%
Compilation 2006 Love Songs
50%
Compilation 1996 Loving You, Losing You: The Classic Balladry of Phyllis Hyman
50%
Album 1978 Sing a Song
50%
Compilation 1986 The Best of Phyllis Hyman
50%
Compilation 1995 The Best of Phyllis Hyman: The Buddah Years
50%
Compilation 1996 The Legacy of Phyllis Hyman
50%
Compilation 2004 Ultimate Phyllis Hyman
50%
Compilation 1994 Greatest Hits
25%
Compilation 2003 In Between the Heartaches: The Soul of a Diva
25%
Compilation 1999 Master Hits: Phyllis Hyman
25%
Compilation 1998 One on One
25%
Compilation 2004 Platinum & Gold Collection
25%
Compilation 1989 Under Her Spell: Phillis Hyman's Greatest Hits
25%
Album 1979 You Know How to Love Me
25%
No matching quizzes found
Score Distribution
Percent of People with Each Score
Percentile by Number Answered
Your Score History
You have not taken this quiz